00807nam a2200181 u 450000100100000000500170001000800410002704000130006808200150008124501460009626000620024230000330030450400500033770000340038704900090042195201780043099900170060800003144620200930062933.0090706s1974 dr a r 000 0 spa d aDO-SdBNP axxxxaM29400aManual del investigador en administración :bmetodología para la Preparación de Trabajos y Manuales. /cprólogo Luis E. del Villar C. aSanto Domingo :bOficina Nacional de Presupuesto ,c1974. axii, 298 p. :bil. ;c24 cm. aIncluye referencias bibliográficas (p. 297)1 aVillar C., Luis E. del957852 aBNPD 0010718PDaPDbPDcCTd2011-06-22iLF1l0oxxxx M294 p31446-10r2020-06-25w2020-06-25yLFPDzPerteneció a la biblioteca personal de Germán Emilio OrnesZNo se presta c30938d30938